Liste des noms de Pokémon ayant les mêmes première et dernière lettres - Statistiques

Statistiques générales
  • Ce quiz a été pris 50 fois
  • Le résultat moyen est 11 sur 39
Statistiques - réponses
Pokémon % Correct
Abra
80%
Girafarig
76%
Farigiraf
64%
Ho-Oh
56%
Ama-Ama
52%
Amagara
52%
Élekable
44%
Amonita
40%
Altaria
36%
Clic
36%
Cliticlic
36%
Darumarond
36%
Pharamp
36%
Zéblitz
32%
Araqua
28%
Écrapince
28%
Macronium
28%
Méganium
28%
Nidoqueen
28%
Efflèche
24%
Électrode
24%
Arboliva
20%
Caratroc
20%
Ouistempo
20%
Staross
20%
Escargaume
16%
Nigirigon
16%
Nounourson
16%
Exagide
12%
Excavarenne
12%
Galeking
12%
Roue-de-Fer
12%
Excelangue
8%
Khélocrok
8%
Olivado
8%
Shifours
8%
Tiboudet
8%
Roc-de-Fer
4%
Symbios
4%
Aucun quiz correspondant
Distribution des résultats
% des personnes avec chaque résultat
Percentile par nombre de réponses
Votre historique - résultats
Vous n’avez pas pris ce quiz